Southville International School and Colleges
Your cart is empty.
  • Cart
  • Lists
    Public lists Eva Luna New books Lux_list list_1
    Your lists Log in to create your own lists
  • Log in to your account
  • Your cookies
  • Search history
Southville International School and Colleges
  • Advanced search
  • Recent comments
  • Most popular
  • Libraries

Log in to your account

Log in with GOOGLE


If you do not have an external account, but do have a local account, you can still log in:

  1. Home
  2. MARC view: The gift-giver /
Normal view MARC view ISBD view

The gift-giver / (Record no. 294965)

[ view plain ]
MARC details
000 -LEADER
fixed length control field 01060cam a2200313 i 4500
001 - CONTROL NUMBER
control field 1826075
003 - CONTROL NUMBER IDENTIFIER
control field SISC
005 - DATE AND TIME OF LATEST TRANSACTION
control field 20160601100655.0
008 - FIXED-LENGTH DATA ELEMENTS--GENERAL INFORMATION
fixed length control field 800314s1980 nyu j 000 1 eng
010 ## - LIBRARY OF CONGRESS CONTROL NUMBER
LC control number 80012969
020 ## - INTERNATIONAL STANDARD BOOK NUMBER
International Standard Book Number 9780618611232
040 ## - CATALOGING SOURCE
Original cataloging agency DLC
Transcribing agency DLC
Modifying agency DLC
042 ## - AUTHENTICATION CODE
Authentication code lcac
050 00 - LIBRARY OF CONGRESS CALL NUMBER
Classification number PZ 7 .H19825
Item number Gi 1980
082 00 - DEWEY DECIMAL CLASSIFICATION NUMBER
Classification number [Fic]
100 1# - MAIN ENTRY--PERSONAL NAME
Personal name Hansen, Joyce.
245 14 - TITLE STATEMENT
Title The gift-giver /
Statement of responsibility, etc Joyce Hansen.
260 ## - PUBLICATION, DISTRIBUTION, ETC. (IMPRINT)
Place of publication, distribution, etc New York :
Name of publisher, distributor, etc Houghton Mifflin/Clarion Books,
Date of publication, distribution, etc c1980.
300 ## - PHYSICAL DESCRIPTION
Extent 118 p. ;
Dimensions 22 cm.
500 ## - GENERAL NOTE
General note Sequel: Yellow Bird and me.
520 ## - SUMMARY, ETC.
Summary, etc The year she is in fifth grade, Doris meets a special friend in her Bronx neighborhood.
650 #0 - SUBJECT ADDED ENTRY--TOPICAL TERM
Topical term or geographic name as entry element Williams, Doris (Fictitious character)
650 #0 - SUBJECT ADDED ENTRY--TOPICAL TERM
Topical term or geographic name as entry element Daniels, Amir (Fictitious character)
650 #1 - SUBJECT ADDED ENTRY--TOPICAL TERM
Topical term or geographic name as entry element Friendship
Form subdivision Fiction.
650 #1 - SUBJECT ADDED ENTRY--TOPICAL TERM
Topical term or geographic name as entry element African Americans
Form subdivision Fiction.
856 42 - ELECTRONIC LOCATION AND ACCESS
Materials specified Contributor biographical information
Uniform Resource Identifier <a href="http://www.loc.gov/catdir/enhancements/fy0736/80012969-b.html">http://www.loc.gov/catdir/enhancements/fy0736/80012969-b.html</a>
906 ## - LOCAL DATA ELEMENT F, LDF (RLIN)
a 7
b cbc
c orignew
d 1
e ocip
f 19
g y-gencatlg
942 ## - ADDED ENTRY ELEMENTS (KOHA)
Source of classification or shelving scheme Library of Congress Classification
Koha item type Books
Holdings
Withdrawn status Lost status Source of classification or shelving scheme Damaged status Home library Current library Shelving location Date acquired Source of acquisition Total Checkouts Full call number Barcode Date last seen Price effective from Koha item type
    Library of Congress Classification   Luxembourg Library Luxembourg Library Fiction Section 05/25/2016 Library Fund   PZ 7. H19825 Gi 1980 20160 05/31/2016 05/25/2016 Books

The gift-giver /

APA

Hansen J., . (1980). The gift-giver. New York: Houghton Mifflin/Clarion Books.

Chicago

Hansen Joyce, . 1980. The gift-giver. New York: Houghton Mifflin/Clarion Books.

Harvard

Hansen J., . (1980). The gift-giver. New York: Houghton Mifflin/Clarion Books.

MLA

Hansen Joyce, . The gift-giver. New York: Houghton Mifflin/Clarion Books. 1980.

  • Place hold
  • Print
  • Cite
  • Add to your cart (remove)
  • Save record
    BIBTEX Dublin Core MARCXML MARC (non-Unicode/MARC-8) MARC (Unicode/UTF-8) MARC (Unicode/UTF-8, Standard) MODS (XML) RIS
  • More searches
    Search for this title in:
    Other Libraries (WorldCat) Other Databases (Google Scholar) Online Stores (Bookfinder.com) Open Library (openlibrary.org)

Exporting to Dublin Core...

SOUTHVILLE LIBRARY

Southville International School and Colleges Library

1281 Tropical Ave. Cor. Luxembourg St., BF Homes International, Las Pinas City

Tel. No. 8256374 / 252358 Loc. 117/146

Powered by Koha